000 00513cam a2200157 4500
008 150923n 000 0 eng u
022 _a0954-3384
035 _a(Sirsi) a192676
050 _aHX1.S4
245 _aSearch Light South Africa.
260 _aKensinginton
_b Sigma
_c 1992.
310 _aQuarterly.
362 _aNo.1, 1988 - Vol.2, No.4, 1992.
520 _aIt is an independent socialist journal focued on southern africa, but mindful of the broader world context.
650 _aSocial Sciences.
999 _c124803
_d124803